Kế toán lưu chuyển hàng hóa và xác định kết quả kinh doanh tại công ty TNHH Thương Mại và Dịch Vụ Phú Thái trong tháng 12 năm 2013
Chuyên ngành: Kế toán; TM tài liệu tham khảo và phụ lục sau phần kết luận; Khóa luận tốt nghiệp Cao đẳng trường Đại học Thủ Dầu Một, 2011- 2014; Khóa luận tìm hiểu cơ sở lý luận về hạch toán lưu chuyển hàng hóa nội thương trong doanh ngh...
সংরক্ষণ করুন:
| প্রধান লেখক: | |
|---|---|
| অন্যান্য লেখক: | |
| বিন্যাস: | গ্রন্থ |
| ভাষা: | Undetermined |
| প্রকাশিত: |
Bình Dương, 2014
|
| বিষয়গুলি: | |
| অনলাইন ব্যবহার করুন: | http://lrc.tdmu.edu.vn/opac/search/detail.asp?aID=2&ID=21992 |
| ট্যাগগুলো: |
ট্যাগ যুক্ত করুন
কোনো ট্যাগ নেই, প্রথমজন হিসাবে ট্যাগ করুন!
|
| Thư viện lưu trữ: | Trung tâm Học liệu Trường Đại học Thủ Dầu Một |
|---|
| LEADER | 01730nam a2200193Ia 4500 | ||
|---|---|---|---|
| 001 | TDMU_21992 | ||
| 008 | 210410s9999 xx 000 0 und d | ||
| 082 | |a 657.4 | ||
| 090 | |b L250 | ||
| 100 | |a Lê, Thị Nụ | ||
| 245 | 0 | |a Kế toán lưu chuyển hàng hóa và xác định kết quả kinh doanh tại công ty TNHH Thương Mại và Dịch Vụ Phú Thái trong tháng 12 năm 2013 | |
| 245 | 0 | |c Lê Thị Nụ; ThS. Nguyễn Thị Tuyết Nhung (Hướng dẫn) | |
| 260 | |a Bình Dương, 2014 | ||
| 300 | |a 61tr | ||
| 520 | |a Chuyên ngành: Kế toán; TM tài liệu tham khảo và phụ lục sau phần kết luận; Khóa luận tốt nghiệp Cao đẳng trường Đại học Thủ Dầu Một, 2011- 2014; Khóa luận tìm hiểu cơ sở lý luận về hạch toán lưu chuyển hàng hóa nội thương trong doanh nghiệp thương mại; Mô tả thực trạng công tác hạch toán lưu chuyển hàng hóa tại công ty TNHH Thương Mại và Dịch vụ Phú Thái; Đề xuất một số kiến nghị đối với công tác hạch toán lưu chuyển hàng hóa tại công ty TNHH Thương Mại Dịch Vụ Phú Thái | ||
| 650 | |a Khóa luận; Kế toán lưu chuyển hàng hóa |x Công ty TNHH Thương Mại Dịch Vụ Phú Thái; Công ty TNHH Thương Mại Dịch Vụ Phú Thái |x Kế toán lưu chuyển hàng hóa | ||
| 700 | |a Nguyễn Thị Tuyết Nhung | ||
| 856 | |u http://lrc.tdmu.edu.vn/opac/search/detail.asp?aID=2&ID=21992 | ||
| 980 | |a Trung tâm Học liệu Trường Đại học Thủ Dầu Một | ||